|
|
|
|
| LEADER |
02477nam a2200625 a 4500 |
| 001 |
nkc20152678744 |
| 003 |
CZ PrNK |
| 005 |
20150409104014.0 |
| 007 |
ta |
| 008 |
150303s2014 xr ab f 000 0 eng |
| 015 |
|
|
|a cnb002678744
|
| 020 |
|
|
|a 978-80-87577-40-0
|q (brož.)
|
| 035 |
|
|
|a (OCoLC)907529495
|
| 040 |
|
|
|a ABA001
|b cze
|
| 043 |
|
|
|a e-xr---
|b e-xr-vy
|2 czenas
|
| 045 |
|
|
|a x8y1
|
| 072 |
|
7 |
|a 551
|x Geologie. Meteorologie. Klimatologie
|2 Konspekt
|9 7
|
| 080 |
|
|
|a 551.501.9
|2 MRF
|
| 080 |
|
|
|a 551.506
|2 MRF
|
| 080 |
|
|
|a 551.58
|2 MRF
|
| 080 |
|
|
|a 502.175:502.3
|2 MRF
|
| 080 |
|
|
|a 504.5
|2 MRF
|
| 080 |
|
|
|a (437.324)
|2 MRF
|
| 080 |
|
|
|a (048.8:082)
|2 MRF
|
| 100 |
1 |
|
|a Váňa, Milan
|7 ola2008434362
|4 aut
|
| 245 |
1 |
0 |
|a Košetice Observatory - 25 years /
|c Milan Váňa, Alice Dvorská et al.
|
| 250 |
|
|
|a 1st ed.
|
| 260 |
|
|
|a Prague :
|b Czech Hydrometeorological Institute,
|c 2014
|
| 300 |
|
|
|a 91 s. :
|b barev. il., mapy ;
|c 30 cm
|
| 500 |
|
|
|a 250 výt.
|
| 504 |
|
|
|a Obsahuje bibliografie a bibliografické odkazy
|
| 610 |
2 |
7 |
|a Observatoř Košetice
|7 kn20050511007
|2 czenas
|
| 648 |
|
4 |
|a 1988-2013
|
| 648 |
|
7 |
|a 20.-21. století
|7 ch462155
|2 czenas
|
| 650 |
0 |
7 |
|a meteorologické observatoře
|7 ph136697
|z Česko
|y 20.-21. století
|2 czenas
|
| 650 |
0 |
7 |
|a meteorologická pozorování
|7 ph122777
|z Česko
|y 20.-21. století
|2 czenas
|
| 650 |
0 |
7 |
|a klima
|7 ph121617
|z Česko
|y 20.-21. století
|2 czenas
|
| 650 |
0 |
7 |
|a kvalita ovzduší
|7 ph122044
|z Česko
|y 20.-21. století
|2 czenas
|
| 650 |
0 |
7 |
|a znečišťující látky
|7 ph135507
|z Česko
|y 20.-21. století
|2 czenas
|
| 650 |
0 |
9 |
|a meteorological observatories
|z Czechia
|y 20th-21st centuries
|2 eczenas
|
| 650 |
0 |
9 |
|a meteorological observations
|z Czechia
|y 20th-21st centuries
|2 eczenas
|
| 650 |
0 |
9 |
|a climate
|z Czechia
|y 20th-21st centuries
|2 eczenas
|
| 650 |
0 |
9 |
|a air quality
|z Czechia
|y 20th-21st centuries
|2 eczenas
|
| 650 |
0 |
9 |
|a pollutants
|z Czechia
|y 20th-21st centuries
|2 eczenas
|
| 651 |
|
7 |
|a Košetice (Pelhřimov, Česko)
|7 ge334690
|2 czenas
|
| 651 |
|
9 |
|a Košetice (Pelhřimov, Czechia)
|2 eczenas
|
| 655 |
|
7 |
|a kolektivní monografie
|7 fd501537
|2 czenas
|
| 655 |
|
9 |
|a collective monographs
|2 eczenas
|
| 700 |
1 |
|
|a Dvorská, Alice
|7 jo2015862068
|4 aut
|
| 910 |
2 |
|
|a BOA001
|b 4-1343.085
|
| 928 |
9 |
|
|a Český hydrometeorologický ústav
|
| 990 |
|
|
|a BK
|
| 995 |
|
|
|a 01
|
| 991 |
|
|
|b 201503
|c NOV
|e n
|
| 996 |
6 |
|
|b 2610624219
|c 4-1343.085
|l MZK
|r Sklad / do 1 hodiny
|n 1
|p p.v.
|w 001493002
|u 000010
|a 1
|e BOA001
|j MZK50
|s P
|